| 000 | 00947cam a22003257a 4500 | ||
|---|---|---|---|
| 003 | CHAP | ||
| 005 | 20220817043929.0 | ||
| 008 | 040308d2003 it a r 00110 eng d | ||
| 010 | _a88137 | ||
| 011 | _a89109 | ||
| 020 | _a9251042837 | ||
| 035 | _a99658 | ||
| 040 | _cCHAP | ||
| 082 | 0 | 4 |
_a333 _bF43 |
| 110 | 2 | _aFAO | |
| 245 | 1 | 0 |
_aMultilingual thesaurus on land tenure _c/ed. por Gérard Ciparisse |
| 260 |
_aRome : _bFAO, _c2003 |
||
| 300 |
_a197 p. : _bilus. |
||
| 590 |
_aBATCH-UPD _b10 _c20130110 _lUCH01 _h0557 |
||
| 590 |
_aBATCH-UPD _b10 _c20130410 _lUCH01 _h0238 |
||
| 590 |
_aBATCH-UPD _b10 _c20130914 _lUCH01 _h0939 |
||
| 590 |
_aCONVERSION _b10 _c20130109 _lUCH01 _h1349 |
||
| 650 | 1 | 4 |
_aTesauros. _9112457 |
| 650 | 1 | 4 |
_aTierras _xTenencia. _9113130 |
| 700 | 0 |
_aCiparisse, Gérard. _923340 |
|
| 901 | _aBK | ||
| 905 | _aAlejandra Carrasco M. | ||
| 942 | _cLIBRO | ||
| 949 |
_a333 F43 _bBC _cFAO _d33724000921763 _eFAO1 _h104502 _i99658 _sb |
||
| 999 |
_c88137 _d88137 |
||